[Event "Wch U18 Girls"]
[Site "Maribor"]
[Date "2012.11.18"]
[Round "11.36"]
[White "Juarez, Leticia"]
[Black "Lee, Melissa"]
[Result "1-0"]
[WhiteElo "1822"]
[BlackElo "1565"]
[PlyCount "53"]
[EventDate "2012.11.08"]
[EventType "swiss"]
[EventRounds "11"]
[EventCountry "SLO"]
[SourceTitle "EXT 2013"]
[Source "ChessBase"]
[SourceDate "2012.11.22"]
[SourceVersion "1"]
[SourceVersionDate "2012.11.22"]
[SourceQuality "1"]

1. e4 c5 2. Nc3 Nc6 3. g3 d6 4. Bg2 Nf6 5. d3 g6 6. h3 Bg7 7. Be3 Bd7 8. Rb1 a6 9. Nf3 0-0 10. 0-0 Rb8 11. Nd2 Ne8 12. f4 e5 13. f5 Nd4 14. g4 f6 15. Ne2 Nxe2+ 16. Qxe2 g5 17. Kf2 b5 18. Rh1 h6 19. h4 Kf7 20. Rh2 Nc7 21. Rbh1 Qe7 22. Nf1 Rh8 23. Ng3 a5 24. Nh5 Bc6 25. Qf3 d5 26. hxg5 dxe4 27. dxe4 1-0

[Event "Wch U18 Girls"]
[Site "Maribor"]
[Date "2012.11.15"]
[Round "8.34"]
[White "Mahmutbegovic, Nadina"]
[Black "Juarez, Leticia"]
[Result "1-0"]
[WhiteElo "1730"]
[BlackElo "1822"]
[PlyCount "121"]
[EventDate "2012.11.08"]
[EventType "swiss"]
[EventRounds "11"]
[EventCountry "SLO"]
[SourceTitle "EXT 2013"]
[Source "ChessBase"]
[SourceDate "2012.11.22"]
[SourceVersion "1"]
[SourceVersionDate "2012.11.22"]
[SourceQuality "1"]

1. e4 c5 2. Nc3 Nc6 3. g3 g6 4. Bg2 Bg7 5. d3 e6 6. Be3 d6 7. f4 Nge7 8. Nf3 0-0 9. 0-0 Nd4 10. Rb1 d5 11. Ne2 Nxf3+ 12. Bxf3 d4 13. Bd2 Rb8 14. Qe1 f5 15. g4 b6 16. Ng3 Bb7 17. Rd1 Qd7 18. h3 Rf7 19. Qf2 Rbf8 20. gxf5 exf5 21. e5 Bxf3 22. Qxf3 Nd5 23. Rf2 Nc7 24. h4 Ne6 25. Re1 Bh6 26. Rg2 Rg7 27. Nh1 Qe7 28. Nf2 Kh8 29. Rh2 Qd7 30. b3 Rgg8 31. Re2 Rf7 32. Nd1 Bf8 33. Reg2 Rfg7 34. Nb2 Be7 35. Nd1 Qd8 36. Be1 h6 37. Bf2 Rh7 38. Be1 Qf8 39. Bd2 Rgg7 40. Qd5 Qg8 41. Qf3 Qd8 42. Qh3 Rf7 43. Rxg6 Nf8 44. Rgg2 Rhg7 45. h5 b5 46. Nf2 Qd5 47. Kf1 c4 48. Rxg7 Rxg7 49. Qxf5 Qf3 50. Qe4 Qxe4 51. Nxe4 c3 52. Bc1 Rf7 53. Rf2 Bh4 54. Rf3 a6 55. f5 Kh7 56. Nd6 Ra7 57. f6 b4 58. Nf5 Bg5 59. Bxg5 hxg5 60. Nxd4 Kh6 61. e6 1-0

[Event "Wch U18 Girls"]
[Site "Maribor"]
[Date "2012.11.11"]
[Round "4.25"]
[White "Lugo Lozano, Luz Adriana"]
[Black "Juarez, Leticia"]
[Result "1-0"]
[WhiteElo "1961"]
[BlackElo "1822"]
[PlyCount "91"]
[EventDate "2012.11.08"]
[EventType "swiss"]
[EventRounds "11"]
[EventCountry "SLO"]
[SourceTitle "EXT 2013"]
[Source "ChessBase"]
[SourceDate "2012.11.22"]
[SourceVersion "1"]
[SourceVersionDate "2012.11.22"]
[SourceQuality "1"]

1. d4 d5 2. Bf4 Nf6 3. Nf3 c5 4. c3 Qb6 5. Qb3 c4 6. Qxb6 axb6 7. Nbd2 Nc6 8. e4 dxe4 9. Ng5 b5 10. h3 Bf5 11. g4 Bg6 12. Bg2 Nd5 13. Bg3 b4 14. Ngxe4 bxc3 15. bxc3 Bxe4 16. Nxe4 e6 17. Kd2 Kd7 18. Rhb1 Ra7 19. Ng5 Be7 20. Nxf7 Rf8 21. Ne5+ Nxe5 22. dxe5 Bg5+ 23. Kc2 Rfa8 24. a4 Kc6 25. f4 Be7 26. Bxd5+ Kxd5 27. Rd1+ Kc6 28. Rd4 Rxa4 29. Rxc4+ Rxc4 30. Rxa8 Kd7 31. Kd3 Rc7 32. Rg8 g6 33. Rg7 h6 34. Rxg6 Bf8 35. f5 exf5 36. e6+ Kd8 37. Bxc7+ Kxc7 38. gxf5 Kd6 39. Ke4 h5 40. Rg8 Be7 41. Rg7 b6 42. Rxe7 Kxe7 43. Ke5 h4 44. f6+ Ke8 45. Kd6 Kf8 46. Kd7 1-0

[Event "Wch U18 Girls"]
[Site "Maribor"]
[Date "2012.11.08"]
[Round "1.17"]
[White "Juarez, Leticia"]
[Black "Saranya, J."]
[Result "0-1"]
[WhiteElo "1822"]
[BlackElo "2166"]
[PlyCount "132"]
[EventDate "2012.11.08"]
[EventType "swiss"]
[EventRounds "11"]
[EventCountry "SLO"]
[SourceTitle "EXT 2013"]
[Source "ChessBase"]
[SourceDate "2012.11.22"]
[SourceVersion "1"]
[SourceVersionDate "2012.11.22"]
[SourceQuality "1"]

1. e4 c5 2. Nc3 d6 3. g3 Nc6 4. Bg2 g6 5. d3 Bg7 6. Be3 e6 7. f4 Nge7 8. Nf3 b6 9. 0-0 0-0 10. Rb1 Bb7 11. Ne2 d5 12. e5 d4 13. Bf2 Nb4 14. a3 Nbd5 15. c4 dxc3 16. bxc3 Nf5 17. Qd2 h5 18. Ng5 Bc6 19. h3 Rc8 20. d4 c4 21. Ne4 Rc7 22. Nc1 Bh6 23. Ng5 h4 24. gxh4 Qa8 25. Bxd5 Bxd5 26. Kh2 Kg7 27. Qe2 Rh8 28. Qg4 Bxg5 29. fxg5 Rcc8 30. Qf4 Bg2 31. Rg1 Qe4 32. Qxe4 Bxe4 33. Rb2 Nxh4 34. Bxh4 Rxh4 35. Rg3 Bf5 36. Ne2 Rch8 37. Ng1 Re4 38. Rb4 Rc8 39. Rb2 Re1 40. Ra2 Bd3 41. a4 a5 42. Rf3 Ra8 43. Rff2 Rc1 44. Ra3 Rb1 45. Nf3 Rb3 46. Rxb3 cxb3 47. Rb2 Bc2 48. Ne1 Rc8 49. Nxc2 bxc2 50. Rxc2 Rc4 51. Kg3 Rxa4 52. c4 Ra3+ 53. Kg2 Rd3 54. c5 Rxd4 55. cxb6 Rb4 56. Ra2 a4 57. b7 Rxb7 58. Rxa4 Rb5 59. Re4 Kf8 60. Kg3 Ke7 61. Re3 Kd7 62. Kf4 Rb4+ 63. Re4 Rxe4+ 64. Kxe4 Kc6 65. Kd4 Kb5 66. h4 Kb4 0-1